[Event "Imre Konig Memorial 1st"]
[Site "San Francisco"]
[Date "2002.09.04"]
[Round "1"]
[White "Atalik, Suat"]
[Black "De Firmian, Nick E"]
[Result "1/2-1/2"]
[WhiteElo "2551"]
[BlackElo "2551"]
[Annotator "Atalik,S"]
[PlyCount "71"]
[EventDate "2002.09.04"]
[EventType "tourn"]
[EventRounds "9"]
[EventCountry "USA"]
[EventCategory "12"]
[SourceTitle "CBM 092"]
[Source "ChessBase"]
[SourceDate "2003.02.06"]
[SourceVersion "1"]
[SourceVersionDate "2003.02.06"]
[SourceQuality "1"]

1. e4 Nf6 {Nick goes for his new weapon the Alekhine's Defence.} 2. e5 Nd5 3.
d4 d6 4. c4 Nb6 5. f4 {Four pawns attack is one of the most interesting lines
against the Alekhine.} dxe5 6. fxe5 Bf5 7. Nc3 e6 8. Nf3 Nc6 9. Be3 Bg4 $5 {
I believe that this solid line is sort of neglected by the modern theory.} (
9... Be7 10. d5 exd5 11. cxd5 Nb4 12. Nd4 Bd7 $13 {is usual.}) 10. Be2 Bxf3 11.
gxf3 Qh4+ 12. Bf2 Qf4 13. c5 Nd5 $1 (13... Nd7 14. Bb5 {creates difficulties
for black.}) 14. Nxd5 exd5 15. Qd2 Qxd2+ 16. Kxd2 g6 $14 {Black is only
slightly worse,in good hands this should go for a draw.} 17. f4 {I went for GM
Timman's novelty.} (17. Be3 {Jan gives this as clearly better for white but I
have doubts.} h5 18. f4 Ne7 19. Bd3 Nf5 $11) 17... Bh6 18. Be3 Ne7 19. Bd3 Nf5
20. Bxf5 gxf5 {Of course in my preparation for this game I have noticed that
these all happened in Timman-De Firmian,Malmo 2001.However I thought Nick had
difficulties in that game and he woulod never have repeated it.} 21. Rhg1 {
Jan's choice.I was in between which rook to place on g1 in the game.} ({
Actually it does not matter much.} 21. Rag1 $5 Kd7 22. Rg3 Rag8 23. b4 Bf8 $1 (
23... Rxg3 $2 24. hxg3 Bf8 25. Rh5 Ke6 26. g4 fxg4 27. f5+ $16 {is the
difference in the choice between rooks to be posted on g1.}) 24. Ke2 Rxg3 25.
hxg3 h5 $11) 21... Kd7 22. Rg3 Rag8 23. b4 ({The tactical operation with c6 is
unfortunately self destructive.} 23. Rh3 Bf8 $1 (23... Rg6 24. c6+ bxc6 25. Rh5
) 24. c6+ $6 bxc6 25. Rh5 Ke6 26. Rc1 Rg2+ 27. Kd3 c5 28. dxc5 Rxb2 $17) 23...
Rxg3 $1 $146 {Nick improves on his own game.} (23... Rg6 24. Ke2 Bf8 25. Rg5 $1
$16 {happened in the above mentioned game.}) 24. hxg3 Bf8 25. b5 c6 26. a4 Be7
27. Rh1 h5 $11 {The standart defensive set up for black .It is a tough nut to
crack.} 28. Bf2 Bd8 {Draw offer.} 29. Ke2 Rh6 30. Kf3 Rh8 31. Be1 Rh6 32. Rh2
Rh8 33. Rb2 Kc8 $1 34. bxc6 (34. a5 a6 35. bxa6 bxa6 $11) 34... bxc6 35. a5 a6
{With a complete equality.} 36. Rb1 1/2-1/2

[Event "AUT-chT 9900"]
[Site "Austria"]
[Date "2000.01.16"]
[Round "8.2"]
[White "Atlas, Valeri"]
[Black "Loeffler, Stefan"]
[Result "0-1"]
[WhiteElo "2465"]
[BlackElo "2412"]
[Annotator "Atlas,V"]
[PlyCount "106"]
[EventDate "1999.10.22"]
[EventType "team-tourn"]
[EventRounds "11"]
[EventCountry "AUT"]
[SourceTitle "EXT 2001"]
[Source "ChessBase"]
[SourceDate "2000.11.22"]
[SourceVersion "1"]
[SourceVersionDate "2000.11.22"]
[SourceQuality "1"]
[WhiteTeam "Hohenems SK"]
[BlackTeam "Hietzing/Fischer SK"]
[WhiteTeamCountry "AUT"]
[BlackTeamCountry "AUT"]

1. e4 Nf6 2. e5 Nd5 3. d4 d6 4. c4 Nb6 5. exd6 exd6 6. Nc3 Be7 7. h3 O-O 8. Nf3
c5 9. d5 Bf6 10. Be2 Re8 ({Another interesting attempt:} 10... Bxc3+ 11. bxc3
Qf6 {was put into question by Tischbierek:} 12. O-O $1 Re8 $6 (12... h6 $142 {
was much more stubborn}) 13. Bg5 $1 Qg6 14. Qd2 h6 15. Bd3 Bf5 16. Nh4 Qxg5 17.
Qxg5 hxg5 18. Nxf5 Rd8 19. f4 $1 gxf4 20. Rae1 {, and Black is helpless in the
ending:} N8d7 21. Nxd6 Ne5 22. Rxe5 Rxd6 23. Rxf4 Rad8 24. Re7 f6 25. Bf5 g5
26. Rfe4 Nd7 27. h4 a6 28. hxg5 fxg5 29. Be6+ Kh8 {1-0 Tischbierek,R-Loeffler,
S/Austria 1999/EXT 2000 (29)}) 11. O-O N8d7 12. Be3 $6 (12. Bd2 $1 $14 {
was more prudent and yielded White better chances.}) 12... Bxc3 13. bxc3 Ne5
14. Nxe5 Rxe5 15. a4 $1 {[%cal Ga4a5]} Qh4 16. a5 Nd7 (16... Nxc4 {leads to
interesting complications, where White has good perspectives:} 17. Qa4 Bxh3 (
17... Re4 {is strongly met by} 18. Bd3 Bf5 (18... Nxe3 $2 19. Bxe4) 19. Bxe4
Qxe4 20. Rfe1 Qxd5 $140 21. Rad1 Bd3 22. Bxc5 $18) 18. Qxc4 $5 ({if} 18. gxh3 {
, then} Rxe3 19. Qxc4 Rg3+ $11) 18... Re4 19. Bg5 $1 {This is the strongest
continuation. Other options do not promise White any advantage:} (19. Ra4 $6
Bxg2 (19... Rae8 $2 20. Qb5) 20. Kxg2 Rxc4 21. Rxc4 Qf6 $15) (19. Qd3 Bxg2 20.
Kxg2 Rg4+ 21. Bxg4 Qxg4+ $11) (19. g3 Rxc4 20. gxh4 Bxf1 21. Bxf1 Rxc3 $15) (
19. Qxe4 $5 Qxe4 20. gxh3 f5 $1 {, with excellent counterchances:} 21. Rfe1 (
21. Rad1 f4 22. Bd3 Qf3) (21. a6 b6) 21... f4 22. Bd2 $13) 19... Rxc4 20. Bxh4
$16) 17. Bd2 $1 {A difficult decision.} ({Natural} 17. Bd3 {,with idea Qf3, is
strongly met by} Rxe3 $3 18. fxe3 Ne5 {, yielding Black excellent play.}) (17.
Qd2 Nf6 $36) 17... Re7 ({If} 17... Nf6 {then} 18. f4 Re7 19. Bd3 Ne4 20. f5 $5
{, with dangerous initiative}) 18. Re1 Ne5 (18... Nf6 {falls short of} 19. Bd3
$14 {<->e;/^b1-f5}) 19. f4 Ng6 20. Bd3 $1 {[%cal Ge1e7,Gd3h7]} Bxh3 $1 ({After
} 20... Rxe1+ 21. Qxe1 Qxe1+ 22. Rxe1 $14 {_|_()^^ White has a durable
advantage in the ending.}) 21. Bxg6 Bg4 ({Certainly, not} 21... Qg3 $2 22.
Bxh7+ Kf8 (22... Kxh7 23. Qh5+ $18) (22... Kh8 23. Be4 Rxe4 24. Qh5+ Kg8 25.
Qxh3 $18) 23. Qf3 $18) (21... hxg6 $2 22. Rxe7 $18) 22. Rxe7 $3 ({After} 22.
Bxh7+ $2 Kxh7 23. Qc2+ g6 $17 {Black has excellent attacking chances. The
queen sacrifice leads allows White to keep balance.}) 22... Bxd1 23. Bxf7+ Kh8
$1 ({After} 23... Kf8 $6 24. Rxb7 {/\Be6, Rf7, the black king is in trouble.})
24. Rxb7 {Threatening Rab1->} Qg4 $1 {/\Bf3} (24... Be2 {yields White good
attacking prospects after} 25. Rab1 $40 (25. Re1 $5)) 25. Rab1 g6 $1 (25... h6
{is strongly met by} 26. f5 $1 $16) 26. Be3 $2 ({A decisive mistake in
time-trouble. Essential was} 26. Be6 $1 {, justifying the queen sacrifice, as
the following lines show:} Qe2 27. R7b2 {/\f5->} (27. R1b2 $2 Bc2 $1 {ץd2} 28.
Rxc2 $140 Qd1+) 27... h5 (27... Rf8 $5 28. f5 (28. Kh2 Qh5+) (28. Rb8 Rxb8 29.
Rxb8+ Kg7 30. Rb7+ Kf8 (30... Kh6 31. g4 $3 $18 Qxd2 $140 32. g5+ Kh5 33. Rxh7#
) 31. Rb8+ Ke7 32. Rb7+ Kd8 33. Rb8+ Kc7 34. Rc8+ Kb7 35. Rc6 a6 36. Rxd6 (36.
Rb6+ Ka7 37. Bd7 (37. Rxd6 Ba4) 37... Qxd2 38. Bc6 Qe3+ 39. Kh1 Qe7) 36... Ba4
(36... Qxd2 37. Rd7+ $11)) 28... gxf5 29. Bg5 Qe1+ 30. Kh2 f4 31. Be7 Qg3+ 32.
Kg1 Qe1+ $11) 28. f5 gxf5 (28... h4 29. fxg6 $16) 29. Bg5 $1 (29. Bf4 $2 Qe1+
30. Kh2 Qh4+ 31. Kg1 Qxf4 $19) (29. Kh2 $5 {/\Bf4} Qe5+) 29... Qe1+ 30. Kh2 h4
(30... Qe5+ 31. g3 Bg4 32. Bf4 Qxc3 33. Bxd6 $40) 31. Bf6+ Kh7 32. Bxf5+ Kg8 (
32... Kh6 33. Rxd1 (33. Rb7 Qg3+ 34. Kg1 Qe1+ $11) 33... Qxd1 34. Rb7 Rh8 35.
Bxh8 Qe1 36. Rb1) 33. Rxd1 $3 Qxd1 34. Rb7 Qf1 35. Be6+ Kf8 36. Bg5 $1 (36.
Be7+ Kg7 37. Bxd6+ $13) (36. Rf7+ Ke8 37. Be5 Qxf7 38. Bxf7+ Ke7 $1 (38... Kxf7
39. Bxd6 $16) 39. Bf4 Rf8) 36... Qf2 37. Bh6+ Ke8 38. Rg7 {/\39.Rg8+ Ke7 40.
Bg5+ +-}) 26... Rf8 {After this natural move White cannot escape anymore.} 27.
R1b2 (27. Re7 {is refuted by} Bf3 (27... Qf5 28. Rbb7 {/\Be6+-}) (27... Qh4 28.
Rbb7 Qe1+ 29. Kh2 Qh4+ $11) 28. Rb2 Qh4 $1 29. Rbb7 Qg3 $1 30. Rb2 Qe1+ 31. Kh2
Qh4+) (27. Rxa7 Bf3 28. Rb2 Qg3) 27... Qg3 28. Bf2 Qxf4 29. Be6 g5 30. g3 Qc1
31. Rb1 Qd2 32. R7b2 Bc2 33. Rf1 Kg7 $1 34. Bh3 (34. Bd4+ {does not help in
view of} cxd4 35. Rb7+ Kg6 36. Rxf8 Be4 $19) 34... Kh6 35. Ra2 Qxc3 $19 36. Bg2
Qxc4 37. Raa1 Be4 38. Rac1 Qd3 (38... Qxd5 {would be a more simple way to
convert an advantage:} 39. Rcd1 Rxf2 $1 40. Rxd5 (40. Kxf2 Qa2+ $19) 40...
Rxg2+ 41. Kh1 Bxd5 $19) 39. Bxe4 Qxe4 40. Rcd1 Kh5 41. Rd2 Qb4 42. Re2 Qxa5 43.
Re4 Rf6 44. g4+ Kg6 45. Re6 Qa2 46. Rxf6+ Kxf6 47. Bd4+ {A double check as the
last consolation.} Ke7 48. Bf6+ Kd7 49. Rf5 h6 50. Bg7 Qe2 51. Rf7+ Ke8 52.
Rxa7 Qxg4+ 53. Kh2 h5 0-1

[Event "Manila zt 3.2a"]
[Site "Manila"]
[Date "2001.04.24"]
[Round "1"]
[White "Khatanbaatar, Bazar"]
[Black "Pham, Minh Hoang"]
[Result "1-0"]
[WhiteElo "2481"]
[BlackElo "2347"]
[Annotator "Atlas,V"]
[PlyCount "98"]
[EventDate "2001.04.24"]
[EventType "swiss"]
[EventRounds "9"]
[EventCountry "PHI"]
[SourceTitle "CBM 083"]
[Source "ChessBase"]
[SourceDate "2001.07.05"]
[SourceVersion "1"]
[SourceVersionDate "2001.07.05"]
[SourceQuality "1"]

1. e4 Nf6 2. e5 Nd5 3. d4 d6 4. c4 Nb6 5. exd6 cxd6 6. Nc3 g6 7. Be3 Bg7 8. Qd2
Nc6 9. Be2 d5 10. cxd5 Nxd5 11. Nxd5 Qxd5 12. Bf3 Qd6 13. Ne2 O-O 14. O-O Bf5
15. Rac1 Rfd8 16. Rfd1 Rac8 17. a3 b6 18. b4 e5 19. d5 Ne7 20. Ng3 Qb8 21. Rxc8
Bxc8 22. d6 Nf5 23. Nxf5 Bxf5 24. Bc6 Bd7 25. b5 Qc8 26. Qd5 h6 27. a4 Be6 28.
d7 Qc7 29. Qd2 g5 30. h4 f5 31. hxg5 $5 {[%csl Gd7,Gg5,Rh6][%cal Gg5h6] An
ambitious continuation. White sacrifices the bishop trying to exploit power of
his passed pawns.} f4 32. gxh6 fxe3 33. Qxe3 Bf6 34. Qg3+ Kf8 35. Qg6 Ke7 36.
Qh7+ Bf7 37. g3 Rh8 38. Qd3 Be6 39. h7 Kf7 40. Be4 Kg7 41. Bf5 Qc4 42. Qf3 Bf7
43. Be4 Be6 $2 {A fatal mistake. Essential was 43...Qe6.} {[%tqu "En","How can
White exploit the energy of his well-advanced pawns?","Eliminate defenders of
the back rank!","Consider a queen sacrifice.","f3f6","This neat move decides
the game at once.",5]} 44. Qxf6+ $1 {[%csl Gh7][%cal Gd7d8,Gh7h8,Gd1d7] This
sacrifice eliminates Black's defenders of the back rank and makes the h7-pawn
unstoppable.} Kxf6 45. d8=Q+ Rxd8 46. Rxd8 Qxe4 47. h8=Q+ Kg6 48. Qe8+ Kf6 49.
Qf8+ Kg6 1-0

[Event "EU-chT (Men) 19th"]
[Site "Warsaw"]
[Date "2013.11.09"]
[Round "2.3"]
[White "Berg, Emanuel"]
[Black "Illescas Cordoba, Miguel"]
[Result "1/2-1/2"]
[WhiteElo "2547"]
[BlackElo "2614"]
[Annotator "Berg,E"]
[PlyCount "107"]
[EventDate "2013.11.08"]
[EventType "team-swiss"]
[EventRounds "9"]
[EventCountry "POL"]
[SourceTitle "CBM 158"]
[Source "ChessBase"]
[SourceDate "2014.01.16"]
[SourceVersion "1"]
[SourceVersionDate "2014.01.16"]
[SourceQuality "1"]
[WhiteTeam "Sweden"]
[BlackTeam "Spain"]
[WhiteTeamCountry "SWE"]
[BlackTeamCountry "ESP"]

1. e4 Nf6 {This came as quite a surprise although my opponent has tried quite
a few different openings.} 2. e5 Nd5 3. d4 d6 4. c4 Nb6 5. exd6 exd6 6. d5 $5 {
A very rare move which I have played twice before and got comfortable play
with. However Illescas was not very impressed by the move pointing out that
the pawn was nicely placed on d4. I agree in one sense but still think this
move can pose Black some problems. The main idea is to restrict the movement
of both the knight on b6 and the bishop on c8. In return Black gets some
counterplay on the dark squares.} Be7 7. Bd3 Na6 {Not a novelty but a new move
for me. Compared to ...N8d7 Black now keeps the diagonal open for his bishop
and has the extra opportunity of playing ...Nb4 in some lines. On the other
hand the option of ...Ne5 no longer exists.} ({After} 7... N8d7 8. Ne2 Ne5 9.
h3 O-O 10. b3 Bg5 11. Bc2 Bxc1 12. Qxc1 Qh4 13. Nbc3 Bd7 14. Qf4 Qxf4 15. Nxf4
Rfe8 16. O-O-O {White had some slight pressure in Berg,E (2539)-Rozentalis,E 
(2607) Gothenburg 2013. White's main idea is to play ...Nf4-e2-d4 and then
start squeezing. Although Black remains solid his position is a bit awkward to
play.}) 8. h3 $146 {This is to prevent ...Bg4 before developing the king's
knight. Now the bishop on c8 lacks a good square.} O-O 9. Ne2 Nc5 {Here I
started to use quite some time as the idea of ...Bg5 started to worry me a bit.
} 10. O-O ({The alternative was} 10. Nbc3 {which was the move I wanted to play.
However I was slightly concered about} Bg5 ({In the event of} 10... Bf6 {
11.0-0 would lead back to the game but now White can first play} 11. Be3 {
waiting with the king in the centre for the time being.}) 11. O-O Bxc1 12. Rxc1
Qg5 {when Black has some initiative. Taking a closer look though it appears
that White is doing well after} 13. Ng3 f5 14. Bb1 f4 15. Nge4 Nxe4 16. Nxe4
Qh6 17. Nd2 $14 {and White stands slightly better as Black's attack doesn't
hold up.}) 10... Bf6 11. Nbc3 Re8 12. Be3 Be5 {A tricky move which opens the
diagonal for Black's queen to h4. Now White really has to watch out as there
are some dangeruous attacking ideas including ...Bxh3.} 13. Qd2 $6 {Here I
started to lose confidence in my position and did not find the best way
forward.} ({A better move was} 13. Nd4 $1 {when White keeps things under
control. There might follow} Nxd3 14. Qxd3 Qh4 15. f4 Bf6 16. Ncb5 $14 {
when White is pressing.}) 13... Nxd3 (13... Qh4 $5 {was an interesting
alternative when Black threatens both ...Nxc4 and ...Bxh3.} 14. f4 $2 {is bad
in view of} (14. Bxc5 $1 {With this almost forced move White keeps things
under control. After} dxc5 15. f4 $11 {the position is in balance.}) ({An
important point is that} 14. Bg5 {can be met by} Nxc4 $1 $17) 14... Nxd3 $1 15.
Qxd3 (15. fxe5 Nxe5 $15) 15... Bf5 $1 16. Qxf5 Bxc3 $15) 14. Qxd3 Qh4 15. Bxb6
$5 {A radical solution. White basically gives away his best minor piece for
Black's worst one. However the reason for this is that it restricts Black's
counterplay and White gets some activity with the knights in the centre.} ({
Instead} 15. Bd4 {as mentioned by Illescas looks rather natural but following}
Bf5 $1 16. Qxf5 Bxd4 $15 {Black has a very nice initiative.}) 15... axb6 16.
Nb5 Qd8 $6 {Solid, but unnecessarily passive. Now White gets time to
reorganise as Black will remain rather passive for the next few moves.} (16...
Re7 $1 $15 {was stronger, keeping the queen at its active post on h4.}) 17.
Ned4 Bd7 18. f4 Bf6 19. Nc3 {Here I was pretty confident. Although Black
objectively is a bit better White has an easy plan and not any concrete
worries at the moment.} Qe7 20. Rf3 (20. Nc2 {was a solid alternative
mentioned by Illesscas. Now White will get access to the open e-file.}) 20...
c5 21. Nde2 Ra5 $5 {An interesting move to complicate matters before White
gets time to completely close the queenside with a4 and b3.} (21... g6 22. a4 {
closes the queenside and White remains very solid.}) 22. Raf1 g6 (22... b5 $5
23. cxb5 Bxb5 24. Nxb5 Qxe2 25. Nxd6 {is fine for White, e.g.} Qxd3 26. Rxd3
Re2 27. Rc1 $1 Bxb2 28. Nxb7 Rxa2 29. Rxc5 Bd4+ 30. Rxd4 Rxg2+ 31. Kf1 g6 32.
Nd6 Raf2+ 33. Ke1 Ra2 34. Kf1 $11) 23. b3 Bg7 ({The pawn sacrifice} 23... b5 $5
24. cxb5 Raa8 $44 {was worth considering. Now White's pawn structure is a bit
shaky while the exxtra pawn is hard to put to any good use because of Black's
strong bishop pair.}) ({Another worthy alternative was} 23... Ra3 $5 {
preventing a4 for the moment.} {Now White should probably contnue} 24. g4 {
to grab some space on the kingside and prevent ...Bf5.}) 24. a4 Raa8 25. Kh1 f5
{The most solid move which leads the game into a rather drawish position.} (
25... h5 $5 {was more interesting when perhaps Black can exert some pressure.})
26. Qd2 Qf6 27. Re3 Rxe3 28. Qxe3 Re8 29. Qd2 Qe7 30. Rf3 h6 31. Rg3 Kf7 32.
Kg1 Bf6 33. Kf1 g5 34. Nd1 {forcing through further exchanges on the e-file
which give White a pretty safe position.} Qe4 35. Re3 Qb1 36. Qd3 $1 {A clever
in-between move.} Qa1 37. Rxe8 Kxe8 38. Kf2 Be7 39. Ne3 Qf6 40. Qc3 $6 {
On the last move before the time control I ended up taking a bad decision. I
saw that I would lose the f4-pawn but assessed the resulting position wrongly.}
(40. g3 $11 {would simply lead to an equal position where the draw is very
close as neither side can make progress.}) 40... gxf4 $1 {I thought that I
eventually would have chances to benefit fom Black's slightly weakened pawn
struture by manouevring my knights and picking up the f4-pawn. However this
assessment appeared to be wrong.} 41. Nc2 Qe5 {An important move which I had
overlooked when playing 40.Qc3. White is now under some slight pressure but
still remains very solid.} 42. Qf3 $6 (42. Ne1 {intending Nf3 would be better.}
) 42... Bg5 ({I was worried about} 42... Bh4+ $1 {during the game and for good
reasons it seems. Following} 43. Kf1 Bg3 44. Qh5+ (44. Ne1 Kd8 45. Qc3 {
might hold things together.}) 44... Kd8 45. Qxh6 {as mentioned by Illescas
Black can continue} Kc7 $17 {when Black's initiative appears to be very
dangerous. One sample line is} 46. Ne1 Qb2 47. Nxg3 fxg3 48. Qe3 f4 $1 49. Qf3
Qd4 $19) 43. Ne1 Qb2 44. Kf1 Ke7 45. Qc3 Qb1 46. Ng1 $1 (46. Qd3 Qxd3 47. Nxd3
f3 $1 48. gxf3 f4 $36 {is unpleasant for White.}) 46... Kd8 (46... Bf6 47. Qc2
Qa1 48. Ngf3) 47. Ngf3 Kc7 48. Qc2 Qa1 49. Qd2 Qa3 50. Qc2 (50. Qd1 $5) 50...
Qa1 51. Qd2 Qb1 {My opponent decided to force a draw as it would secure a
victory for his team. Otherwise an interesting idea to play on was} (51... Be8
$5 52. h4 Bd8 53. Qxf4 Qc3 $15 {when Black is on top.}) 52. Qd3 Qc1 53. Qd2 Qb1
54. Qc2 {and Black claimed a draw as after 56...Qa1 there is a threefold
repetition.} 1/2-1/2